Encyclopedia of associations international organizations an associations unlimited reference : a guide to more than 19,000 international nonprofit membership organizations including multinational and binational groups ... Part 1 Descriptive listings Part 2 Indexes

Bibliographic Details
Other Authors: Sheets, Tara E. (upr)
Format: Book
Language:English
Published: Detroit [etc.] Gale Group c2001
Edition:36th ed.
Subjects:

MARC

LEADER 00000nam a2200000 a 4500
001 vtls001410634
003 SK-MaSNL
005 20260302035048.0
008 251124s2001 US c r y 0 eng
020 |a 0787635391  |c 30224,00 
020 |a 0787635405 
020 |a 0787635413 
035 |a SNK000365332 
040 |a SNK  |b slo  |c SNK  |e AACR2 
044 |a US 
080 |a 061.2(100)(031)  |2 1981 
245 1 |a Encyclopedia of associations  |b international organizations an associations unlimited reference : a guide to more than 19,000 international nonprofit membership organizations including multinational and binational groups ...  |n Part 1  |p Descriptive listings  |n Part 2  |p Indexes  |c Tara E. Sheets, editor 
250 |a 36th ed. 
260 |a Detroit [etc.]  |b Gale Group  |c c2001 
300 |a 2 zv. (xxvi, 3352 s.)  |c 29 cm 
650 0 7 |a encyklopédie anglické  |x organizácie medzinárodné  |2 SNK  |9 687428 
650 0 7 |a organizácie medzinárodné  |x encyklopédie anglické  |2 SNK  |9 687429 
700 1 |a Sheets, Tara E.  |4 upr  |9 687430 
919 |a 0-7876-3539-1 
919 |a 0-7876-3540-5 
919 |a 0-7876-3541-3 
999 |c 1069077  |d 1071007 
952 |t snkINT/1 061  |a SNKUST  |b SNKUST  |y PREZ  |7 0  |p 17A0271258  |o snkIB 70254/1  |i snkZK 408/2001  |8 4  |0 0  |1 0  |4 0  |d 2001-04-03  |l 0  |r 2025-03-21 00:00:00  |w 2026-02-24 
952 |t snkINT/2 061  |a SNKUST  |b SNKUST  |y PREZ  |7 0  |p 17A0271257  |o snkIB 70254/2  |i snkZK 409/2001  |8 4  |0 0  |1 0  |4 0  |d 2001-04-03  |l 0  |r 2025-03-21 00:00:00  |w 2026-02-24